| 000 | 00660nam a2200217 i 4500 | ||
|---|---|---|---|
| 001 | 182115 | ||
| 003 | ES-MaACL | ||
| 005 | 20250912063056.0 | ||
| 008 | 130618s1991 sp | |||| ||spa d | ||
| 020 | _a84-87169-17-1 | ||
| 080 | _a329.285(042) | ||
| 100 | 1 |
_aBookchin, Murray, _d1921-2006 _9242241 |
|
| 245 | 1 | 0 |
_aEcología libertaria / _cMurray Boockhin. |
| 260 |
_aMóstoles : _bMadre Tierra, _c1991. |
||
| 300 |
_a92 p. ; _c20 cm. |
||
| 490 | 1 | _aCuadernos libertarios | |
| 650 | 7 |
_aAnarquismo _2embne _99783 |
|
| 830 | 0 |
_aColección Cuadernos libertarios (Madre Tierra) _9179813 |
|
| 852 |
_aES-MaACL _j2177-F-14 |
||
| 999 |
_c182115 _d182115 |
||